Phục sinh Tiểu thuyết T.2
v.v...
Đã lưu trong:
| Tác giả chính: | |
|---|---|
| Định dạng: | Sách |
| Năm xuất bản: |
Tp. Hồ Chí Minh
Văn học
1993
|
| Phiên bản: | In lần thứ 3 |
| Chủ đề: | |
| Tags: |
Thêm thẻ
Không có thẻ, Hãy là người đầu tiên gắn thẻ bản ghi này!
|
| LEADER | 00615nam a2200181 4500 | ||
|---|---|---|---|
| 082 | |a 891.73 |b T454X | ||
| 100 | |a Tônxtôi, Liep | ||
| 245 | |a Phục sinh |c Liep Tônxtôi; Phùng Uông dịch |n T.2 |b Tiểu thuyết | ||
| 250 | |a In lần thứ 3 | ||
| 260 | |a Tp. Hồ Chí Minh |b Văn học |c 1993 | ||
| 300 | |a 403 tr. |c 19 cm. | ||
| 520 | |a v.v... | ||
| 653 | |a Văn học hiện đại | ||
| 653 | |a Nga | ||
| 653 | |a Tiểu thuyết | ||
| 942 | |2 ddc |c SH | ||
| 999 | |c 3323 |d 3323 | ||
| 952 | |0 0 |1 0 |2 ddc |4 0 |6 891_730000000000000_T454X |7 0 |8 800 |9 35951 |a qbu |b qbu |c D5 |d 2014-12-16 |g 18000 |o 891.73 T454X |p 592.c1 |r 0000-00-00 |w 2014-12-16 |y SH | ||